Culture générale: œuvres célèbres - Statistiques

Statistiques générales
  • Ce quiz a été pris 47 fois
  • Le résultat moyen est 6 sur 46
Statistiques - réponses
Par images Réponse % Correct
La Liberté guidant le peuple (Eugène Delacroix)
74%
Le Radeau de La Méduse (Théodore Géricault)
59%
La Mort de Marat (Jacques-Louis David)
47%
La Dentellière (Johannes Vermeer)
41%
Les Ménines (Diego Velázquez)
41%
Persée tenant la tête de Méduse (Cellini Bienvenuto)
38%
Un Enterrement à Ornans (Gustave Courbet)
29%
L'Annonciation (Fra Angelico)
26%
Les Ambassadeurs (Hans Holbein)
21%
Le mariage de la Vierge (Raphaël)
18%
L'Extase de sainte Thérèse (Le Bernin)
15%
Vénus d'Urbin (Titien)
15%
La tentation d'Adam et Ève (Masolino)
12%
Le Massacre des innocents (Pieter Bruegel l'Ancien)
12%
L'Enterrement du comte d'Orgaz (Le Greco)
12%
Le sacrifice d'Isaac (Rembrandt)
12%
Les Bergers d'Arcadie (Nicolas Poussin)
12%
Les Hasards heureux de l'escarpolette (Jean-Honoré Fragonard)
12%
Madame Vigée Le Brun et sa fille (Élisabeth Vigée-Lebrun)
12%
Port de mer au soleil couchant (Le Lorrain)
12%
Adam et Ève chassés de l'Eden (Masaccio)
9%
Descente de croix (Pierre-Paul Rubens)
9%
Jeune Fille allongée (François Boucher)
9%
Le Baptême du Christ (Piero della Francesca)
9%
Le Concert champêtre (Titien)
9%
Vierge en Majesté (Duccio de Buoninsegna)
9%
La Conversion de saint Paul (Le Caravage)
6%
Le Chevalier, la Mort et le Diable (Albrecht Dürer)
6%
Le Crucifiement de saint Pierre (Le Caravage)
6%
Tondo Doni (Michel-Ange)
6%
Fresques de la galerie Farnèse (Carrache Annibal)
3%
La Bataille de San Romano (Uccelo Paolo)
3%
La Chute des Géants (Giulio Romano)
3%
La Conversation sacrée (Piero della Francesca)
3%
La Déposition (Jacopo Pontormo)
3%
Les Œufs cassés (Jean-Baptiste Greuze)
3%
Scène du déluge (Anne-Louis Girodet)
3%
La Bataille d'Alexandre (Albrecht Altdorfer)
0%
La Chambre de Époux (Andrea Mantegna)
0%
La Trinité (Masaccio)
0%
Le Départ de l'Auberge (Jan Steen)
0%
L'Enseigne de Gersaint (Antoine Watteau)
0%
Les régents de l'hospice des vieillards (Frans Hals)
0%
Madame Rivière (Jean Auguste Dominique Ingres)
0%
Vénus dans la forge de Vulcain (Frères le Nain)
0%
Villa Rotonda (Andrea Palladio)
0%
Aucun quiz correspondant
Distribution des résultats
% des personnes avec chaque résultat
Percentile par nombre de réponses
Votre historique - résultats
Vous n’avez pas pris ce quiz